000 00961cam a22003017a 4500
003 CHAP
005 20220329134443.0
008 971013s1888 r 00010 d
010 _a20691
011 _a21663
035 _a25753
040 _cCHAP
082 _a591.97
_bA7
100 0 0 _aArmas, Juan Ignacio de.
_97165
245 1 3 _aLa zoología de Colón y de los primeros exploradores de América
260 _aHabana :
_bEstablecimiento Tipográfico,
_c1888
300 _a185 p
500 _aEncuadernado con Ximénez, F. Cuatro libros de la naturaleza
590 _aBATCH-UPD
_b10
_c20130110
_lUCH01
_h0052
590 _aBATCH-UPD
_b10
_c20130409
_lUCH01
_h2040
590 _aBATCH-UPD
_b10
_c20130914
_lUCH01
_h0355
590 _aCONVERSION
_b10
_c20130109
_lUCH01
_h1312
600 _aColón, Cristobal
_925413
650 1 4 _aZoología
_xHistoria.
_9124171
901 _aBK
942 _cLIBRO
949 _a591.97 A7
_bBC
_cBPP
_d-59416
_eBPP
_h3945
_i25753
_si
999 _c20691
_d20691